000 00461nam a22001217a 4500
082 _a220 PRO
100 _aMuhammad Zeeshan Kayani Ramzan Ali Shah Muhammad Mashood Rahat Faizan Asif Gaba Shuja Inayat
_971971
245 _aPR-SOF-1688-MECHICAL DESIGN AND DEVELOPMENT SOLAR POWERED ELECTRIC BICYCLE
260 _aISLAMABAD
_bNUST COLLEGE OF EME
_c2018
650 _aDE-MTS-36
700 _aSupervised by Dr. Amir Hamza Dr. Umar Shahbaz khan
_971972
942 _cCR
999 _c578217
_d578217